000 00428nam a22001817a 4500
005 20200521095155.0
008 200521b xxu||||| |||| 00| 0 eng d
020 _a9789374735053
041 _aeng
082 _a570.15 NEG
100 _aNegi, Dr. K.S
_95664
245 _aMethods in Biostatistics
250 _a3'rd
260 _aDelhi
_bAITBS PUBLISHERS
_c2020
300 _a371.p
650 _aPharmacy
_95665
942 _cBK
999 _c6360
_d6358